French Verbs - Statistics

General Stats
  • This quiz has been taken 91 times
    55 since last reset
  • The average score is 16 of 25
Answer Stats
Hint Answer % Correct
To like Aimer
100%
To go Aller
100%
To arrive Arriver
100%
To have Avoir
100%
To drink Boire
100%
To send Envoyer
100%
To read Lire
100%
To swim Nager
100%
To speak Parler
100%
To lose Perdre
100%
To wear Porter
100%
To walk Marcher
89%
To count Compter
88%
To be Être
88%
To eat Manger
88%
To finish Finir
86%
To pay Payer
86%
To see Voir
86%
To talk/say Dire
83%
To listen Écouter
83%
To pass by Passer
83%
To watch Regarder
83%
To use Utiliser
83%
To come Venir
83%
To call (oneself) s'Appeler
82%
To give Donner
80%
To forget Oublier
80%
To remember se Souvenir de
80%
To find Trouver
80%
To stop Arrêter
78%
To hate Détester
78%
To choose Choisir
75%
To know (familiarity) Connaître
75%
To create Créer
75%
To think Penser
75%
To put (oneself) to bed se Coucher
75%
To feel Sentir
75%
To wake up se Réveiller
75%
To want Vouloir
75%
To repeat Répéter
73%
To wash (oneself) se Laver
73%
To learn Apprendre
71%
To discover Découvrir
71%
To go down Descendre
71%
To enter Entrer
71%
To take Prendre
71%
To return Retourner
70%
To go out Sortir
70%
To begin Commencer
67%
To believe Croire
67%
To do Faire
67%
To be born Naître
67%
Can Pouvoir
67%
To produce Produire
67%
To receive Recevoir
67%
To visit Visiter
67%
To run Courir
63%
To sell Vendre
63%
To live Vivre
63%
To belong Appartenir
60%
To drive Conduire
60%
To sleep Dormir
60%
To reduce Réduire
60%
To know (how to/facts) Savoir
60%
To understand Comprendre
58%
To hope Espérer
57%
To depart/leave Partir
57%
To stay Rester
57%
To dress (oneself) s'Habiller
57%
To describe Décrire
56%
To die Mourir
56%
To come back Revenir
56%
To cover Couvrir
50%
To become Devenir
50%
Must Devoir
50%
To write Écrire
50%
To close Fermer
50%
To open Ouvrir
50%
To fix Réparer
50%
To book (a restaurant, table) Réserver
50%
To fall Tomber
50%
To turn Tourner
50%
To bore (oneself) s'Ennuyer
45%
To destroy Détruire
44%
To get up se Lever
44%
To follow Suivre
44%
To climb Monter
43%
To buy Acheter
40%
To hide Cacher
40%
To try Essayer
40%
To dream Rêver
40%
To acquire Acquérir
33%
To search Chercher
33%
To put Mettre
33%
To offer Offrir
33%
To paint Peindre
33%
To rest Reposer
33%
To hold/keep Tenir
25%
To construct Construire
20%
To go home Rentrer
20%
To practice s'Entraîner
20%
To wish Souhaiter
20%
To welcome Accueillir
18%
To light Allumer
11%
To need Falloir
11%
To make Rendre
0%
No matching quizzes found
Score Distribution
Percent of People with Each Score
Percentile by Number Answered
Your Score History
You have not taken this quiz since the last reset